Úder prišiel zvonku

Kríza vstúpila do českej ekonomiky v období dynamického ekonomického rastu. Vládne opatrenia. Vplyv na spotrebu.

Salvato in:
Dettagli Bibliografici
Autore principale: Hinková-Dibarborová, Andrea
Natura: Capitolo di libro
Lingua:slovacco
Soggetti:
Tags: Aggiungi Tag
Nessun Tag, puoi essere il primo ad aggiungerne!!

MARC

LEADER 00000naa$a2200000$$$4500
001 0092817
005 20231128093910.6
041 0 |a slo 
044 |a SK 
245 1 0 |a Úder prišiel zvonku  |c Andrea Hinková-Dibarborová 
520 |a Kríza vstúpila do českej ekonomiky v období dynamického ekonomického rastu. Vládne opatrenia. Vplyv na spotrebu. 
610 2 0 |a kríza hospodárska 
610 2 0 |a Česko 
610 2 0 |a spotreba 
100 1 |a Hinková-Dibarborová, Andrea